[Event "Tournoi francophone 006 Groupe E"]
[Site "Skype"]
[Date "????.??.??"]
[Round "5.5"]
[White "Mimouni, Driss"]
[Black "Schnell, Nicolas"]
[Result "1-0"]
[WhiteElo "1000"]
[BlackElo "1000"]
[PlyCount "65"]

1. d4 d5 2. Bd2 Nf6 3. Na3 e6 4. Nb5 Bd7 5. Nc3 Bd6 6. e3 e5 7. Bb5 Nc6 8. a3
exd4 9. exd4 Qe7+ 10. Nge2 Bg4 11. O-O Nh5 12. Re1 O-O 13. f3 Qh4 14. g3 Qh3
15. fxg4 Qxg4 16. Rf1 Qh3 17. Rf2 Nxg3 18. hxg3 Nxd4 19. Rh2 Nf3+ 20. Kf2 Nxh2
21. Qh1 Ng4+ 22. Kg1 Nh2 23. Qxh2 Qg4 24. Bd3 f5 25. Kg2 Rae8 26. Rh1 Re6 27.
Qxh7+ Kf7 28. Bxf5 Rxe2+ 29. Nxe2 Qxe2+ 30. Kh3 Qxd2 31. Qg6+ Ke7 32. Qe6+ Kd8
33. Qd7# 1-0

[Event "Tournoi francophone 006 Groupe E"]
[Site "Skype"]
[Date "????.??.??"]
[Round "5.6"]
[White "Lecluyse, Koenraad"]
[Black "Martin, Elise"]
[Result "*"]
[WhiteElo "1188"]
[BlackElo "1000"]
[PlyCount "39"]

1. d4 d5 2. Nf3 Nc6 3. Bf4 Nf6 4. e3 e6 5. c4 Be7 6. Bd3 O-O 7. O-O Nh5 8. Bg3
Nxg3 9. fxg3 b6 10. Qc2 Bb7 11. Ne5 Nxe5 12. dxe5 Bc5 13. Qe2 dxc4 14. Bxh7+
Kh8 15. Bc2 Kg8 16. Re1 Qf6 17. Qh5 Rfd8 18. Nc3 Kf8 19. g4 Qe7 20. Qh8# *

[Event "Tournoi francophone 006 Groupe E"]
[Site "Skype"]
[Date "????.??.??"]
[Round "6.1"]
[White "Farthouat, Catherine"]
[Black "Moumtaz, Abderrahim"]
[Result "0-1"]
[WhiteElo "1087"]
[BlackElo "1191"]
[PlyCount "74"]

1. c4 e5 2. Nc3 Nf6 3. g3 d6 4. Bg2 Nc6 5. d3 Be6 6. Nf3 Be7 7. O-O O-O 8. b3
Qd7 9. Re1 d5 10. cxd5 Nxd5 11. Bb2 Nf4 12. Bh1 Nh3+ 13. Kf1 Bc5 14. e3 Bg4 15.
Ne4 Bb4 16. Re2 Rfe8 17. Rc1 h6 18. a3 Ba5 19. Rc4 Rad8 20. Nc5 Qd5 21. e4 Qd6
22. Nxb7 Qf6 23. Nxd8 Rxd8 24. Re3 Ng5 25. Bg2 Bb6 26. Re1 Bxf3 27. Bxf3 Nxf3
28. Rxc6 Nxh2+ 29. Kg2 Qxc6 30. Kxh2 Bxf2 31. Re2 Qf6 32. Bxe5 Qf3 33. Qd2 Rxd3
34. Qc2 Bxg3+ 35. Bxg3 Qxg3+ 36. Kh1 Qh3+ 37. Rh2 Qf1# 0-1

[Event "Tournoi francophone 006 Groupe E"]
[Site "Skype"]
[Date "????.??.??"]
[Round "6.2"]
[White "Douichi, Mohammed"]
[Black "Le Bouill, Pierre"]
[Result "0-1"]
[WhiteElo "1255"]
[BlackElo "1000"]
[PlyCount "106"]

1. e4 g6 2. d4 d5 3. e5 Bg7 4. Nf3 Nc6 5. Be2 Nh6 6. Bxh6 Bxh6 7. O-O O-O 8. c3
a6 9. h3 b6 10. Na3 Na5 11. b3 c5 12. dxc5 bxc5 13. Nc2 Bb7 14. Nh4 c4 15. b4
Nc6 16. Nf3 e6 17. a3 Bg7 18. Qd2 Nxe5 19. Nxe5 Bxe5 20. f4 Bc7 21. Nd4 Bb6 22.
Kh1 Qe7 23. Nf3 h6 24. Rae1 Rad8 25. Qc1 a5 26. b5 Bc5 27. a4 Bd6 28. Bd1 Rfe8
29. Qe3 f5 30. g3 g5 31. fxg5 hxg5 32. Qxg5+ Qxg5 33. Nxg5 Bxg3 34. Re2 d4+ 35.
Kg1 d3 36. Nxe6 dxe2 37. Bxe2 Rxe6 38. Bxc4 Kf7 39. Bxe6+ Kxe6 40. c4 Rg8 41.
Rd1 Bd6+ 42. Kf2 Bc5+ 43. Ke2 Rh8 44. Rd3 Be4 45. Rg3 Bd6 46. Rg6+ Ke5 47. Rg7
Rxh3 48. b6 Rh2+ 49. Kd1 Bf3+ 50. Kc1 Ba3+ 51. Kb1 Be4+ 52. Ka1 Bb4 53. Rc7
Bc3# 0-1

[Event "Tournoi francophone 006 Groupe E"]
[Site "Skype"]
[Date "????.??.??"]
[Round "6.3"]
[White "Bacha, Mehdi"]
[Black "Rodriguez, Nathalie"]
[Result "1-0"]
[WhiteElo "1177"]
[BlackElo "1172"]
[PlyCount "81"]

1. d4 d5 2. f4 Nf6 3. e3 Nc6 4. Bd3 e6 5. Nf3 Be7 6. O-O Ne4 7. Nbd2 f5 8. Ne5
O-O 9. Nxc6 bxc6 10. c3 c5 11. Nxe4 fxe4 12. Bc2 Bd7 13. Bd2 Bb5 14. Re1 Qe8
15. b4 c4 16. a4 Bd7 17. b5 a6 18. Re2 Qg6 19. Qf1 Rf6 20. g3 axb5 21. a5 Bc8
22. Bc1 Qh5 23. Ba3 Bxa3 24. Rxa3 Ba6 25. Ra1 Raf8 26. Qg2 Rh6 27. h4 Qg4 28.
Rf2 Rg6 29. Raf1 Qxg3 30. Qxg3 Rxg3+ 31. Rg2 Rxe3 32. Bd1 Rxc3 33. Bg4 Bc8 34.
a6 Bxa6 35. Bxe6+ Kh8 36. Bxd5 e3 37. Re1 Rd3 38. Be4 Rxd4 39. Rxe3 Rxf4 40.
Bc2 Rxh4 41. Re8# 1-0

[Event "Tournoi francophone 006 Groupe E"]
[Site "Skype"]
[Date "????.??.??"]
[Round "6.4"]
[White "Morin, Claude"]
[Black "Mimouni, Driss"]
[Result "1/2-1/2"]
[WhiteElo "1081"]
[BlackElo "1000"]
[PlyCount "78"]

1. e4 e5 2. Nf3 Nc6 3. c3 Nf6 4. d3 d5 5. Nbd2 Bg4 6. Be2 dxe4 7. h3 Bxf3 8.
Bxf3 exf3 9. Nxf3 e4 10. Nd4 Nxd4 11. dxe4 Nxe4 12. cxd4 Bb4+ 13. Ke2 Qf6 14.
f3 Ng3+ 15. Kf2 Nxh1+ 16. Qxh1 Qxd4+ 17. Kg3 Rd8 18. a3 Bc5 19. Qe1+ Be7 20.
Ra2 Qh4+ 21. Kh2 Qxe1 22. Bf4 Rd1 23. Bxc7 Qh1+ 24. Kg3 Rg1 25. b4 O-O 26. b5
b6 27. a4 f5 28. f4 Rf6 29. Be5 Rg6+ 30. Kf3 Rf1+ 31. Ke2 Rxg2+ 32. Ke3 Rxa2
33. Kd3 Qxh3+ 34. Kd4 Rxa4+ 35. Kd5 Rd1+ 36. Ke6 Bf6 37. Bxf6 gxf6 38. Kxf6
Rd6+ 39. Ke5 Rad4 1/2-1/2

[Event "Tournoi francophone 006 Groupe E"]
[Site "Skype"]
[Date "????.??.??"]
[Round "6.5"]
[White "Schnell, Nicolas"]
[Black "Gagnon, Sindy"]
[Result "1-0"]
[WhiteElo "1000"]
[BlackElo "1000"]
[PlyCount "45"]

1. e4 Nc6 2. Bb5 Ne5 3. Qh5 Nf6 4. Qxe5 Ng4 5. Qf4 Nf6 6. Nf3 e6 7. Ne5 Qe7 8.
Qg5 Qc5 9. Be2 Qd4 10. Qf4 Bc5 11. O-O O-O 12. Ng4 Nxg4 13. Bxg4 e5 14. Qg3
Qxe4 15. d3 Qd5 16. Nc3 Qc6 17. Bf5 g6 18. Bh6 Re8 19. Be4 Qf6 20. Nd5 Qa6 21.
Bf5 Kh8 22. Rae1 gxf5 23. Qg7# 1-0

[Event "Tournoi francophone 006 Groupe E"]
[Site "Skype"]
[Date "????.??.??"]
[Round "7.1"]
[White "Moumtaz, Abderrahim"]
[Black "Mimouni, Driss"]
[Result "1-0"]
[WhiteElo "1191"]
[BlackElo "1000"]
[PlyCount "87"]

1. e4 e5 2. Nf3 Nc6 3. d4 d6 4. Bb5 Bd7 5. O-O exd4 6. Bxc6 Bxc6 7. Qxd4 d5 8.
Nc3 dxe4 9. Nxe4 Qxd4 10. Nxd4 Bxe4 11. Re1 Nf6 12. f3 O-O-O 13. fxe4 Rxd4 14.
e5 Bb4 15. c3 Bxc3 16. bxc3 Rc4 17. exf6 gxf6 18. Bb2 Rg8 19. Re3 Rcg4 20. Rae1
Rxg2+ 21. Kf1 Rxb2 22. Re8+ Rxe8 23. Rxe8+ Kd7 24. Rb8 f5 25. Rh8 Rxh2 26. a4
a5 27. Kg1 Rh3 28. c4 f4 29. Kg2 Rg3+ 30. Kf2 Rh3 31. Kg2 Rh4 32. Kf3 f5 33.
Rf8 Rh3+ 34. Kxf4 b5 35. axb5 h5 36. Rxf5 h4 37. Kg4 Ke6 38. Kxh3 Kxf5 39. Kxh4
c5 40. bxc6 Kf6 41. c7 Ke7 42. c8=Q Kd6 43. Qd8+ Kc5 44. Qxa5+ 1-0

[Event "Tournoi francophone 006 Groupe E"]
[Site "Skype"]
[Date "????.??.??"]
[Round "7.2"]
[White "Le Bouill, Pierre"]
[Black "Bacha, Mehdi"]
[Result "1-0"]
[WhiteElo "1000"]
[BlackElo "1177"]
[PlyCount "21"]

1. c4 e5 2. d4 Bb4+ 3. Bd2 Bd6 4. g3 exd4 5. Nf3 Nc6 6. a3 Ne5 7. Bb4 Nxc4 8.
Qxd4 Nxb2 9. Qxg7 Nd3+ 10. exd3 Be5 11. Qf8# 1-0

[Event "Tournoi francophone 006 Groupe E"]
[Site "Skype"]
[Date "????.??.??"]
[Round "7.3"]
[White "Gagnon, Sindy"]
[Black "Farthouat, Catherine"]
[Result "0-1"]
[WhiteElo "1000"]
[BlackElo "1087"]
[PlyCount "102"]

1. e4 c5 2. d3 d6 3. Be3 Nf6 4. Nc3 a6 5. Be2 e6 6. Nf3 h6 7. O-O Be7 8. Qd2
O-O 9. e5 dxe5 10. Nxe5 Nbd7 11. d4 Nxe5 12. Bd3 cxd4 13. Bf4 Nxd3 14. Qxd3 b6
15. g4 Bb7 16. h4 Nxg4 17. Qg3 h5 18. f3 Bxh4 19. Qg2 Nf6 20. Kh1 dxc3 21. bxc3
Nd5 22. Rg1 Qf6 23. Bd6 Rfe8 24. c4 Ne3 25. Qe2 Qd4 26. Rac1 Nxc4 27. c3 Qd5
28. Qg2 g6 29. Bf4 Qxf3 30. Rc2 Be4 31. Kh2 Qxg2+ 32. Rgxg2 Bxc2 33. Rxc2 Rad8
34. Kh3 Bf6 35. Bc7 Rd7 36. Bf4 e5 37. Bh6 e4 38. Rf2 Rd6 39. Bf4 e3 40. Re2
Rd3 41. Kg3 g5 42. Bc7 Be5+ 43. Bxe5 Rxe5 44. Rh2 h4+ 45. Kg4 e2 46. Kh5 Kg7
47. Rg2 e1=Q 48. Rxg5+ Kf6 49. Rxe5 Qxe5+ 50. Kh6 Qg5+ 51. Kh7 Qg7# 0-1

[Event "Tournoi francophone 006 Groupe E"]
[Site "Skype"]
[Date "????.??.??"]
[Round "7.4"]
[White "Rodriguez, Nathalie"]
[Black "Lecluyse, Koenraad"]
[Result "1-0"]
[WhiteElo "1172"]
[BlackElo "1188"]
[PlyCount "84"]

1. Nf3 Nc6 2. d4 d5 3. e3 Bg4 4. Be2 e6 5. Nc3 Nf6 6. O-O Bb4 7. Bd2 Bxc3 8.
Bxc3 Qd6 9. Ne5 Bxe2 10. Qxe2 O-O-O 11. a3 Ne4 12. Be1 f6 13. Nf7 Qf8 14. Nxh8
Qxh8 15. Qg4 f5 16. Qe2 h5 17. f3 Ng5 18. f4 Nf7 19. h3 Nh6 20. Bh4 Rg8 21. c4
g6 22. cxd5 exd5 23. Qf3 Ne7 24. Rac1 Rg7 25. Rc3 Nf7 26. Bxe7 g5 27. Qxd5 g4
28. Qxf5+ Kb8 29. Qc5 c6 30. Rfc1 gxh3 31. Kf2 Rxg2+ 32. Kf3 Qg7 33. Qxh5 Rg3+
34. Kf2 Rg2+ 35. Kf1 Rg1+ 36. Ke2 Rg2+ 37. Kd3 h2 38. Rh1 Qg3 39. Qxf7 Rf2 40.
Qe8+ Kc7 41. Bd8+ Kd6 42. Qe7+ Kd5 1-0

[Event "Tournoi francophone 006 Groupe E"]
[Site "Skype"]
[Date "????.??.??"]
[Round "7.5"]
[White "Douichi, Mohammed"]
[Black "Schnell, Nicolas"]
[Result "1-0"]
[WhiteElo "1255"]
[BlackElo "1000"]
[PlyCount "67"]

1. e4 Nf6 2. d3 Nc6 3. Nf3 e5 4. Nc3 d6 5. Be2 Qe7 6. O-O Nd4 7. Bg5 Nxf3+ 8.
Bxf3 Qd7 9. h3 b5 10. b4 Be7 11. a3 h6 12. Bh4 g5 13. Bh5 gxh4 14. Qf3 Rg8 15.
Nd5 Rf8 16. Nxf6+ Bxf6 17. Qxf6 Rb8 18. Qxh4 c5 19. Bg4 Qc7 20. Bxc8 Rxc8 21.
Qxh6 Rg8 22. c4 cxb4 23. axb4 bxc4 24. Rfc1 c3 25. Ra6 Rb8 26. Qh7 Kf8 27. Qh6+
Ke8 28. Qxd6 Rxg2+ 29. Kxg2 Qc8 30. Qxe5+ Kd8 31. Rxc3 Qxa6 32. Qxb8+ Kd7 33.
Rc7+ Kd6 34. Rxa7+ 1-0

[Event "Tournoi francophone 006 Groupe E"]
[Site "Skype"]
[Date "????.??.??"]
[Round "8.1"]
[White "Scata, Laura"]
[Black "Moumtaz, Abderrahim"]
[Result "0-1"]
[WhiteElo "1191"]
[BlackElo "1191"]
[PlyCount "46"]

1. e4 e5 2. Nf3 Nc6 3. Bc4 Bc5 4. c3 Qe7 5. d4 Bb6 6. Be3 Nf6 7. Qc2 d6 8. Nbd2
O-O 9. O-O Ng4 10. d5 Nxe3 11. fxe3 Nb8 12. Qa4 Bxe3+ 13. Kh1 Bd7 14. Bb5 Bxb5
15. Qxb5 b6 16. Rae1 Bf4 17. c4 Nd7 18. Nb3 Nc5 19. Nxc5 bxc5 20. b4 Rfb8 21.
Qa4 Rxb4 22. Qa6 Rb6 23. Qxa7 Rxa7 0-1

[Event "Tournoi francophone 006 Groupe E"]
[Site "Skype"]
[Date "????.??.??"]
[Round "8.2"]
[White "Farthouat, Catherine"]
[Black "Le Bouill, Pierre"]
[Result "1-0"]
[WhiteElo "1087"]
[BlackElo "1000"]
[PlyCount "81"]

1. c4 c5 2. Nf3 g6 3. g3 Bg7 4. Bg2 Nf6 5. Nc3 d5 6. cxd5 Nxd5 7. Nxd5 Qxd5 8.
O-O O-O 9. Rb1 Nc6 10. a3 Nd4 11. b3 Be6 12. Nxd4 Qxd4 13. Bb2 Qd7 14. Bxg7
Kxg7 15. Re1 b6 16. Bxa8 Rxa8 17. e3 Qc6 18. f3 Rd8 19. Rc1 h5 20. d4 Rd7 21.
Kf2 Qb5 22. Qc2 cxd4 23. exd4 Bf5 24. Qc3 f6 25. Red1 e5 26. dxe5 Rxd1 27. Rxd1
Qxe5 28. Rd4 g5 29. h3 Be6 30. b4 a5 31. Qe3 Qf5 32. Rd6 axb4 33. Rxe6 bxa3 34.
Qe4 Qc5+ 35. Kg2 a2 36. Qe1 Qc2+ 37. Re2 Qxe2+ 38. Qxe2 a1=Q 39. Qe7+ Kg6 40.
Qe8+ Kf5 41. Qe4# 1-0

[Event "Tournoi francophone 006 Groupe E"]
[Site "Skype"]
[Date "????.??.??"]
[Round "8.3"]
[White "Mimouni, Driss"]
[Black "Rodriguez, Nathalie"]
[Result "1-0"]
[WhiteElo "1000"]
[BlackElo "1172"]
[PlyCount "53"]

1. e4 e5 2. Bc4 Nf6 3. d4 Nc6 4. dxe5 Nxe5 5. Bd3 d6 6. Nf3 Be7 7. Bb5+ c6 8.
Bd3 O-O 9. O-O Nxd3 10. cxd3 h6 11. Nc3 d5 12. e5 Nd7 13. Be3 f5 14. exf6 Nxf6
15. d4 Ng4 16. Bf4 Rxf4 17. h3 Nf6 18. Qd2 Rf5 19. Rae1 Ne4 20. Nxe4 dxe4 21.
Rxe4 Bd6 22. Rfe1 Bf4 23. Re8+ Qxe8 24. Rxe8+ Kh7 25. Qd3 Bd7 26. Rxa8 Be6 27.
g4 1-0

[Event "Tournoi francophone 006 Groupe E"]
[Site "Skype"]
[Date "????.??.??"]
[Round "8.4"]
[White "Lecluyse, Koenraad"]
[Black "Douichi, Mohammed"]
[Result "0-1"]
[WhiteElo "1188"]
[BlackElo "1255"]
[PlyCount "54"]

1. d4 d5 2. Nf3 Nc6 3. Bf4 Bf5 4. e3 Nb4 5. c3 Nc2+ 6. Ke2 Nxa1 7. Nbd2 Nc2 8.
g3 Nf6 9. Ne5 e6 10. Bg2 Bd6 11. Re1 Ng4 12. Kf1 Nxh2+ 13. Kg1 Ng4 14. Re2 O-O
15. e4 Nxe5 16. exf5 Nxd4 17. cxd4 Nc6 18. Bxd6 Qxd6 19. Rxe6 fxe6 20. fxe6
Qxe6 21. Nf3 Qf7 22. Qb3 Nxd4 23. Qxb7 Nxf3+ 24. Bxf3 Qxf3 25. Qxc7 Qxf2+ 26.
Kh1 Qf1+ 27. Kh2 Rf2# 0-1

[Event "Tournoi francophone 006 Groupe E"]
[Site "Skype"]
[Date "????.??.??"]
[Round "8.5"]
[White "Bacha, Mehdi"]
[Black "Morin, Claude"]
[Result "1-0"]
[WhiteElo "1177"]
[BlackElo "1081"]
[PlyCount "159"]

1. d4 d5 2. f4 e6 3. e3 c5 4. c3 Be7 5. Nf3 f6 6. Bd3 Nc6 7. O-O cxd4 8. cxd4
a6 9. Re1 Bd6 10. a3 Nge7 11. Nc3 O-O 12. Bb1 Qb6 13. Qc2 Qd8 14. Qxh7+ Kf7 15.
Bd2 Rh8 16. Qc2 g6 17. Qd3 Qg8 18. g3 Bd7 19. Bc2 Rh6 20. Re2 Kf8 21. Na4 Na5
22. Nb6 Rd8 23. Bxa5 Bc7 24. Nxd7+ Rxd7 25. Bxc7 Rxc7 26. Rc1 Kf7 27. b4 Nf5
28. b5 a5 29. b6 Rc6 30. Rb1 Qh7 31. Rg2 Rh3 32. Qe2 Rc3 33. Bxf5 exf5 34. Ne5+
Ke6 35. a4 fxe5 36. fxe5 Qh6 37. Re1 Qg5 38. Qf2 Rc4 39. Qf4 Qh5 40. Qf2 Rxa4
41. Rf1 Ra3 42. e4 Rf3 43. Qxf3 Qxf3 44. Rxf3 dxe4 45. Re3 a4 46. Ra3 Rh8 47.
Rxa4 Rd8 48. Ra1 Rxd4 49. g4 Rb4 50. gxf5+ Kxf5 51. Rf1+ Kxe5 52. Rxg6 Kd5 53.
Rg5+ Ke6 54. Re1 Rxb6 55. Rxe4+ Kf6 56. Rg2 Rb1+ 57. Kf2 Rb2+ 58. Re2 Rb3 59.
h4 Rd3 60. h5 Rd8 61. h6 Rh8 62. Rh2 b6 63. h7 Kg7 64. Re7+ Kg6 65. Re6+ Kg7
66. Rxb6 Rxh7 67. Rb7+ Kg6 68. Rbxh7 Kf6 69. Rh8 Kg6 70. Rg8+ Kf6 71. Kf3 Kf7
72. Rg5 Kf6 73. Kf4 Ke6 74. Rh6+ Kd7 75. Rh7+ Ke6 76. Kg4 Kd6 77. Kh5 Ke6 78.
Rh6+ Ke7 79. Rg7+ Ke8 80. Rh8# 1-0

[Event "Tournoi francophone 006 Groupe E"]
[Site "Skype"]
[Date "????.??.??"]
[Round "9.1"]
[White "Schnell, Nicolas"]
[Black "Moumtaz, Abderrahim"]
[Result "0-1"]
[WhiteElo "1000"]
[BlackElo "1191"]
[PlyCount "58"]

1. e4 e5 2. Nc3 Nf6 3. Nh3 d6 4. d3 Be7 5. Ng5 O-O 6. Qf3 Bg4 7. Qg3 h6 8. Qh4
hxg5 9. Qxg5 Be6 10. Be2 Nxe4 11. Nxe4 Bxg5 12. Nxg5 Nd7 13. O-O Nf6 14. f4 Qd7
15. Rf3 Bg4 16. Re3 Bxe2 17. Rxe2 Qf5 18. Be3 Nd5 19. Bf2 Nxf4 20. Bh4 Nxe2+
21. Kh1 Qg4 22. g3 f6 23. h3 Nxg3+ 24. Kg2 Qxh4 25. Nf3 Qf4 26. Rf1 Nf5 27. Nh2
Nh4+ 28. Kg1 Qg3+ 29. Kh1 Qg2# 0-1

[Event "Tournoi francophone 006 Groupe E"]
[Site "Skype"]
[Date "????.??.??"]
[Round "9.2"]
[White "Douichi, Mohammed"]
[Black "Mimouni, Driss"]
[Result "1-0"]
[WhiteElo "1255"]
[BlackElo "1000"]
[PlyCount "82"]

1. d4 d5 2. Nc3 Nf6 3. Bf4 Nc6 4. Nb5 e5 5. dxe5 Nxe5 6. Bxe5 Bd6 7. Bxd6 cxd6
8. Nf3 O-O 9. e3 h6 10. Bd3 Bd7 11. Nbd4 Re8 12. O-O Bg4 13. Bb5 Nd7 14. Bxd7
Qxd7 15. Nb3 b6 16. Qxd5 Qf5 17. Qxf5 Bxf5 18. c3 a5 19. Nbd4 Bd7 20. Rad1 Bb5
21. Nxb5 Rac8 22. Nxd6 Kf8 23. Nxc8 Rxc8 24. Ne5 f6 25. Nd7+ Kf7 26. Nxb6 Rf8
27. Rd7+ Kg6 28. Nc4 h5 29. Nxa5 Ra8 30. b4 h4 31. h3 Kh7 32. c4 Ra6 33. c5 Re6
34. c6 Kh6 35. c7 Re8 36. Rd8 Rxd8 37. cxd8=Q f5 38. Qh8+ Kg6 39. Qxh4 Kf7 40.
Nc6 g6 41. Qe7+ Kg8 1-0

[Event "Tournoi francophone 006 Groupe E"]
[Site "Skype"]
[Date "????.??.??"]
[Round "9.3"]
[White "Rodriguez, Nathalie"]
[Black "Farthouat, Catherine"]
[Result "1-0"]
[WhiteElo "1172"]
[BlackElo "1087"]
[PlyCount "81"]

1. Nf3 d5 2. d4 Nc6 3. e3 e6 4. Be2 Nf6 5. Nc3 Be7 6. O-O O-O 7. Ne5 Nxe5 8.
dxe5 c5 9. exf6 Bxf6 10. Bd2 b6 11. Nb5 a6 12. Nc3 Bb7 13. Na4 Qc7 14. f4 Rfe8
15. Bc3 Be7 16. Be5 Qc6 17. Nc3 f6 18. Bxf6 Bxf6 19. Bf3 Rad8 20. Qd2 Qc7 21.
Rad1 e5 22. Nxd5 Qc6 23. Rf2 e4 24. Bxe4 Rxe4 25. Nxf6+ Qxf6 26. Qxd8+ Qxd8 27.
Rxd8+ Kf7 28. Rd7+ Ke6 29. Rxb7 Rxe3 30. Rxb6+ Kd5 31. Rd2+ Kc4 32. b3+ Kc3 33.
Rd3+ Rxd3 34. cxd3 Kxd3 35. Rxa6 Kc2 36. Rc6 Kb2 37. Rxc5 Kxa2 38. b4 Kb3 39.
b5 Kb4 40. Re5 Kc4 41. b6 1-0

[Event "Tournoi francophone 006 Groupe E"]
[Site "Skype"]
[Date "????.??.??"]
[Round "9.4"]
[White "Bacha, Mehdi"]
[Black "Scata, Laura"]
[Result "0-1"]
[WhiteElo "1177"]
[BlackElo "1191"]
[PlyCount "116"]

1. d4 d5 2. f4 Bf5 3. e3 e6 4. Nf3 Nf6 5. Bd3 Bxd3 6. Qxd3 Nbd7 7. O-O c5 8.
Ne5 cxd4 9. exd4 Bd6 10. Nd2 O-O 11. Ndf3 Qc7 12. Be3 Rac8 13. c3 Ne4 14. Rac1
f6 15. Nxd7 Qxd7 16. a3 f5 17. Ne5 Qe8 18. c4 dxc4 19. Nxc4 Qa4 20. Nxd6 Nxd6
21. d5 exd5 22. Qxd5+ Rf7 23. Rxc8+ Nxc8 24. g3 Qe4 25. Qxe4 fxe4 26. Rc1 Nd6
27. Rd1 Nc8 28. Rd8+ Rf8 29. Rd7 Rf7 30. Rd8+ Rf8 31. Rd4 Re8 32. Rb4 b6 33. h4
h6 34. Rc4 Kf8 35. Rc7 Rd8 36. Kg2 Re8 37. Kh3 Re7 38. Rc4 Re8 39. g4 Nd6 40.
Rd4 Nc8 41. Rd7 Re7 42. Rd5 Re8 43. f5 Ke7 44. Re5+ Kf8 45. Rd5 Ke7 46. h5 Kf7
47. Kg3 Kf6 48. Kf4 Ne7 49. Bd4+ Kf7 50. Re5 Nc6 51. Rd5 Nxd4 52. Rxd4 Re7 53.
b4 e3 54. Re4 e2 55. Ke3 e1=Q+ 56. Kd3 Rxe4 57. f6 Qe3+ 58. Kc2 Rc4+ 0-1

[Event "Tournoi francophone 006 Groupe E"]
[Site "Skype"]
[Date "????.??.??"]
[Round "9.5"]
[White "Le Bouill, Pierre"]
[Black "Morin, Claude"]
[Result "1-0"]
[WhiteElo "1000"]
[BlackElo "1081"]
[PlyCount "135"]

1. d4 d5 2. c4 e6 3. Nf3 Nd7 4. cxd5 e5 5. dxe5 Bb4+ 6. Bd2 Bc5 7. Bc3 c6 8. b4
Be7 9. dxc6 bxc6 10. e6 fxe6 11. Bxg7 Bf6 12. Bxf6 Qxf6 13. Na3 Rb8 14. Rb1
Qc3+ 15. Qd2 Qxa3 16. Nd4 Rb6 17. Nxe6 Ndf6 18. Ng7+ Kf8 19. Ne6+ Kf7 20. Nd4
c5 21. Rb3 Qa6 22. bxc5 Rxb3 23. Nxb3 Ne7 24. e3 Qe6 25. g3 Bd7 26. Nd4 Qd5 27.
Rg1 Qxc5 28. Nf3 Ned5 29. Ng5+ Kg6 30. e4 Qb4 31. exd5 Qxd2+ 32. Kxd2 Nxd5 33.
Ne4 a6 34. Bxa6 Ra8 35. Bc4 Nc7 36. h4 Rb8 37. Bd3 Rb2+ 38. Bc2 Rxa2 39. Nc3+
Bf5 40. Nxa2 Bxc2 41. Kxc2 Kf6 42. Kd2 Ne6 43. Re1 Nc5 44. Re8 Kf7 45. Rc8 Ne6
46. Nc3 Nd4 47. Rc7+ Kg8 48. Ne4 Nb3+ 49. Ke2 Nd4+ 50. Kf1 Nb5 51. Nf6+ Kf8 52.
f4 Nxc7 53. Kf2 h6 54. Kf3 Ne6 55. f5 Nd4+ 56. Kf4 Ne2+ 57. Kg4 Kf7 58. Ne4 Nd4
59. Kf4 Ne2+ 60. Kg4 Nd4 61. Kh5 Nxf5 62. g4 Kg7 63. gxf5 Kf8 64. Kxh6 Kg8 65.
h5 Kf8 66. Kg6 Kg8 67. Nf6+ Kf8 68. h6 1-0